000 00293nam a2200109Ia 4500
008 220204s9999 xx 000 0 und d
082 _a82-3HB
_bHOP
100 _aHope, Laura Lee
245 4 _aThe Bobbsey Twins' mystery at meadowbrook
490 _aNew York Gosset and Dunlap 1963
942 _cBK
999 _c37481
_d37481